<?xml version="1.0" encoding="UTF-8"?>
<collection xmlns="http://www.loc.gov/MARC21/slim">
 <record>
  <leader>01337nam a22002297a 4500</leader>
  <controlfield tag="001">NCT_42875</controlfield>
  <controlfield tag="008">180616b        xxu||||| |||| 00| 0 vie d</controlfield>
  <datafield tag="999" ind1=" " ind2=" ">
   <subfield code="c">2056</subfield>
   <subfield code="d">2056</subfield>
  </datafield>
  <datafield tag="020" ind1=" " ind2=" ">
   <subfield code="c">68000</subfield>
  </datafield>
  <datafield tag="082" ind1="0" ind2="4">
   <subfield code="2">23rd ed.</subfield>
   <subfield code="a">158.2</subfield>
   <subfield code="b">M312</subfield>
  </datafield>
  <datafield tag="100" ind1="1" ind2=" ">
   <subfield code="a">Tô Minh</subfield>
  </datafield>
  <datafield tag="245" ind1="1" ind2="0">
   <subfield code="a">Thuật nói chuyện</subfield>
   <subfield code="c">Tô Minh</subfield>
  </datafield>
  <datafield tag="250" ind1=" " ind2=" ">
   <subfield code="a">Tái bản lần 8</subfield>
  </datafield>
  <datafield tag="260" ind1=" " ind2=" ">
   <subfield code="a">Thanh Hóa</subfield>
   <subfield code="b">Nxb.Thanh Hóa</subfield>
   <subfield code="c">2017</subfield>
  </datafield>
  <datafield tag="300" ind1=" " ind2=" ">
   <subfield code="a">183tr.</subfield>
   <subfield code="c">21cm</subfield>
  </datafield>
  <datafield tag="520" ind1="3" ind2=" ">
   <subfield code="a">Giới thiệu nghệ thuật nói chuyện thành công trong cuộc sống và bí quyết bồi dưỡng rèn luyện tài nói chuyện, cách từ chối, nghệ thuật nói chuyện với người khác giới.</subfield>
  </datafield>
  <datafield tag="653" ind1=" " ind2=" ">
   <subfield code="a">Quan hệ công chúng</subfield>
  </datafield>
  <datafield tag="942" ind1=" " ind2=" ">
   <subfield code="2">ddc</subfield>
   <subfield code="c">BK</subfield>
  </datafield>
  <datafield tag="952" ind1=" " ind2=" ">
   <subfield code="0">0</subfield>
   <subfield code="1">0</subfield>
   <subfield code="2">ddc</subfield>
   <subfield code="4">0</subfield>
   <subfield code="6">158_200000000000000_M312</subfield>
   <subfield code="7">0</subfield>
   <subfield code="9">11035</subfield>
   <subfield code="a">000001</subfield>
   <subfield code="b">000001</subfield>
   <subfield code="d">2018-06-16</subfield>
   <subfield code="l">3</subfield>
   <subfield code="m">1</subfield>
   <subfield code="o">158.2 M312</subfield>
   <subfield code="p">MD.09371</subfield>
   <subfield code="q">2022-03-01</subfield>
   <subfield code="r">2022-02-15</subfield>
   <subfield code="s">2022-02-15</subfield>
   <subfield code="v">68000.00</subfield>
   <subfield code="w">2018-06-16</subfield>
   <subfield code="y">BK</subfield>
  </datafield>
  <datafield tag="952" ind1=" " ind2=" ">
   <subfield code="0">0</subfield>
   <subfield code="1">0</subfield>
   <subfield code="2">ddc</subfield>
   <subfield code="4">0</subfield>
   <subfield code="6">158_200000000000000_M312</subfield>
   <subfield code="7">0</subfield>
   <subfield code="9">13991</subfield>
   <subfield code="a">000001</subfield>
   <subfield code="b">000001</subfield>
   <subfield code="d">2018-09-19</subfield>
   <subfield code="l">4</subfield>
   <subfield code="m">1</subfield>
   <subfield code="o">158.2 M312</subfield>
   <subfield code="p">MD.09370</subfield>
   <subfield code="r">2022-02-11</subfield>
   <subfield code="s">2021-06-09</subfield>
   <subfield code="v">65000.00</subfield>
   <subfield code="w">2018-09-19</subfield>
   <subfield code="y">BK</subfield>
  </datafield>
  <datafield tag="952" ind1=" " ind2=" ">
   <subfield code="0">0</subfield>
   <subfield code="1">0</subfield>
   <subfield code="2">ddc</subfield>
   <subfield code="4">0</subfield>
   <subfield code="6">158_200000000000000_M312</subfield>
   <subfield code="7">0</subfield>
   <subfield code="9">14778</subfield>
   <subfield code="a">000001</subfield>
   <subfield code="b">000001</subfield>
   <subfield code="d">2018-10-29</subfield>
   <subfield code="l">5</subfield>
   <subfield code="o">158.2 M312</subfield>
   <subfield code="p">MD.09372</subfield>
   <subfield code="r">2021-04-14</subfield>
   <subfield code="s">2021-04-01</subfield>
   <subfield code="v">68000.00</subfield>
   <subfield code="w">2018-10-29</subfield>
   <subfield code="y">BK</subfield>
  </datafield>
  <datafield tag="980" ind1=" " ind2=" ">
   <subfield code="a">Thư viện Trường Đại học Nam Cần Thơ</subfield>
  </datafield>
 </record>
</collection>
